[Event "MK Cafe Cup-A"]
[Site "Koszalin"]
[Date "1999.08.08"]
[Round "6"]
[White "Lesiege, Alexandre"]
[Black "Onischuk, Alexander"]
[Result "1-0"]
[WhiteElo "2553"]
[BlackElo "2657"]
[Annotator "Wells,P"]
[PlyCount "81"]
[EventDate "1999.08.03"]
[EventType "swiss"]
[EventRounds "9"]
[EventCountry "POL"]
[SourceTitle "CBM 073"]
[Source "ChessBase"]
[SourceDate "1999.12.01"]
[SourceVersion "1"]
[SourceVersionDate "1999.12.01"]
[SourceQuality "1"]

1. d4 Nf6 2. c4 e6 3. Nc3 Bb4 4. e3 O-O 5. Bd3 d5 6. Nf3 c5 7. O-O Nc6 8. a3
Bxc3 9. bxc3 Qc7 10. cxd5 exd5 11. Nh4 {[%csl Yf5][%cal Yh4f5]} Qa5 $5 {
[%csl Rc3][%cal Rc1b2,Rc1d2,Yf6e4,Yc5c4] This interesting counter-attacking
alternative already has a strong claim to be regarded as the main line
compared to the older move} (11... Ne7 {[%csl Gf5][%cal Ge7f5] The point is
that white has no way to defend the c3 pawn which is entirely convenient.}) 12.
Bd2 (12. Bb2 Re8 $5 (12... c4 13. Bc2 Ne4 14. Qe1 Qd8 15. f3 Nd2 16. Qxd2 Qxh4
17. e4 Be6 18. Rae1 f5 19. a4 fxe4 20. Ba3 Rf7 21. fxe4 Qh5 22. Rxf7 Bxf7 23.
Rf1 dxe4 24. Bxe4 Re8 25. Qf4 Nd8 26. Bf5 Qe2 27. Qh4 h5 28. Bc1 Bd5 29. Qg3
Rf8 30. Qg6 Rxf5 31. Rxf5 Qe4 32. Rf6 Qe1+ 33. Rf1 Qe2 34. Qg5 {1-0 Lautier,
J-Kramnik,V/Monte Carlo 1997/CBM 57 ext (34)}) 13. Nf5 c4 14. Bc2) 12... c4 $6
{Given that white's novelty on move 14 seems to represent a genuinely
interesting and new approach to the position it may well be that} (12... Ne4
13. f3 (13. Bxe4 $6 dxe4 14. c4 $2 Qd8 {[%csl Rd4,Rh4] is certainly not the
way!}) (13. Be1 c4 14. Bxe4 dxe4 15. f3 Qg5 (15... g5 16. fxe4 gxh4 17. Bxh4))
13... Nxd2 14. Qxd2 cxd4 15. exd4 Nxd4 16. Bxh7+ Kxh7 17. Qxd4 g5) 13. Bc2 Ne4
14. f3 $5 $146 Nxd2 15. Qxd2 Qd8 16. g3 Bh3 17. Rfb1 Rb8 18. a4 a6 19. Rb2 Re8
20. Rab1 Na5 21. Qf2 Bd7 22. e4 Nb3 23. e5 Bxa4 24. f4 b5 25. Ra2 Na5 26. Bxa4
bxa4 27. Rba1 Qd7 28. f5 Rb6 29. Rxa4 Nc6 30. Rxa6 Rb3 31. Qe3 Rb2 32. R6a2 Qb7
33. Rxb2 Qxb2 34. Re1 f6 35. Qf3 Kh8 36. Qh5 Qb8 37. e6 Qa8 38. Ng6+ Kg8 39.
Nf4 Ne7 40. Qf3 Kh8 41. Qh5 1-0

[Event "St Petersburg-ch"]
[Site "St Petersburg"]
[Date "2002.04.24"]
[Round "8"]
[White "Klimov, Sergey"]
[Black "Lugovoi, Aleksei"]
[Result "1-0"]
[WhiteElo "2433"]
[BlackElo "2510"]
[Annotator "Wells,P"]
[PlyCount "65"]
[EventDate "2002.04.16"]
[EventType "tourn"]
[EventRounds "9"]
[EventCountry "RUS"]
[EventCategory "9"]
[SourceTitle "CBM 089"]
[Source "ChessBase"]
[SourceDate "2002.08.12"]
[SourceVersion "1"]
[SourceVersionDate "2002.08.12"]
[SourceQuality "1"]

1. d4 Nf6 2. c4 e6 3. Nc3 Bb4 4. e3 O-O 5. Bd3 d5 6. Nf3 c5 7. O-O Nc6 8. a3
Bxc3 9. bxc3 Qc7 10. cxd5 exd5 11. a4 Re8 12. Ba3 c4 13. Bc2 Bg4 {[%cal Gg4f3,
Gg4h5,Gh5g6] To my mind logic dictates that if white's simple side-stepping
queen move can be proven satisfactory ( and the game continuation is probably
quite a critical test of this claim ) then this pin should be viewed with
suspicion. I have always believed that black should pursue his light-square
strategy here with rigorous consistency , and, since the alternative
justification for the bishop move, namely the manouevre ...Bh5-g6 seems to be
found wanting, I would suggest the main alternative 13...Ne4. However, the
effect of exchanging on f3 on the light squares is worthy of brief comment. In
a sense it weakens g2, but ( with the rather crucial proviso that white will
not be mated! ) the most crucial white square is after all e4. Here too the
impact of the exchange should not be oversimplified. Of course on one level
the move gxf3 significantly strengthens white's hold on the centre. However,
white would also in an ideal world like to play his pawn to e4, and in this
regard the exchange ensures that such a central push will have major drawbacks
( just ask the f4 square! ).} (13... Ne4 $5 14. Bxe4 (14. Qe1 {gains less than
nothing against the accurate} Qd8 $1 {forestalling progress with Nh4 and f3,} {
when white probably has nothing better than reverting back to strategy 'a' with
} 15. Bxe4 ({the problem being} 15. Nd2 Nxc3 $1 16. Bb2 (16. Nxc4 Nxd4 $17)
16... Nxd4 17. Bd1 $5 Nxd1 (17... Nc6 18. Bxc3 d4 19. Nxc4 dxc3 20. Qxc3 Be6
$11) 18. Bxd4 c3 19. Nf3 c2 $15) 15... Rxe4 16. Nd2 Re8 {and white's queen
simply stands a little worse than it does in the main line.}) 14... Rxe4 15.
Nd2 Re8 (15... Rh4 {has been played by some strong players, but I can't help
feeling that black's off-side rook counts for more than the slight weakening
of white's king-side which g3 represents.} 16. g3 Rh6 17. e4 Qa5 $6 (17... Be6
{is rather better, but if the bishop plays this passive role then it would
seem to confirm that playing g3 is scarcely a problem.}) 18. Re1 Be6 19. Re3
dxe4 20. Nxe4 Qh5 21. h4 Bd5 22. Qxh5 Rxh5 23. Rb1 h6 24. Nd6 $16 {Kamsky,G 
(2735)-Almasi,Z (2630) Groningen 1995 (10) 1-0}) 16. e4 Be6 (16... dxe4 $5 17.
Re1 {The best way.} (17. Nxc4 Nb4 $1 {offers white nothing.}) 17... Bf5 (17...
Be6 18. Nxe4 Bd5 19. Nd6 Rxe1+ 20. Qxe1 $14 {[%csl Yd4,Ye3][%cal Gd6e8,Gd6b5,
Yd6f5,Yf5e3,Yd4d5] also looks an edge. At worst, white's knight can head back
to the useful f3 square.}) 18. Nxc4 Rad8 19. Ne3 Bc8 20. Qh5 Qa5 21. Qxa5 Nxa5
22. d5 b6 23. Bb4 Nb7 24. a5 f5 25. axb6 axb6 26. Ra7 b5 27. g3 $14 {1/2-1/2
Lautier,J-Kramnik,V/Monte Carlo 1998/CBM 63 ext (42)}) 17. Qf3 (17. Re1 Qa5 $5
(17... Ne7 18. Bxe7 $5 {[%csl Ye3,Ge6][%cal Yd2f1,Yf1e3] given that white
wants to avoid the move e5 and aim to give his 'potentially passed'; d-pawn
the best chance of mobility, this is often a useful exchange. The knight will
be strong on e3, and black's bishop on e6 no longer looks like an asset.} Rxe7
19. Nf1 dxe4 20. Rxe4 Bf5 21. Rxe7 Qxe7 22. Ne3 Bd3 23. a5 Rc8 24. Qf3 h6 25.
h3 Qd7 26. Ng4 f6 27. Re1 Rc6 28. Qf4 Kh7 29. Qb8 Re6 30. Rxe6 Qxe6 31. Ne3 $16
{1-0 Giorgadze,G-Arlandi,E/San Marino 1998/EXT 2002 (43) something like
black's nightmare endgame.}) 18. exd5 Bxd5 19. Qc2 g6 20. f3 (20. Nf1 $2 Rxe1
21. Rxe1 Nxd4) 20... b5 21. axb5 Rxe1+ 22. Rxe1 Nxd4 23. cxd4 Qxa3 24. Ne4 Bxe4
25. Qxe4 $11 {1/2-1/2 Gligoric,S-Milovanovic,R/Ulcinj 1998/EXT 99 (36)}) (17.
e5 {doesn't look too dangerous in view of} Bf5 {The players simply exchange
strong bishop outposts, and secure a still stronger grip on 'their' square
colours.}) 17... Qa5 18. Bc5 $5 {an interesting way to pressure d5.} Rad8 19.
Rfb1 dxe4 20. Qg3 $1 (20. Nxe4 Bd5) 20... Bd5 21. Rb5 Qa6 22. Nf1 {It is
hugely instructive if it can be proved that white has full compensation here.
Black is surprisingly vulnerable on the dark squares.} Na5 23. Ne3 Nb3 (23...
Be6 24. d5 Bd7 25. Bd4 $40) 24. Re1 Be6 25. Bb4 Qxa4 (25... f6 $5) 26. Rxb7 Rd7
27. Rb8 Rdd8 28. Rxd8 Rxd8 29. Be7 $1 Rc8 30. Bf6 g6 31. d5 Bd7 32. Qf4 Qa6 33.
d6 Nc5 34. Qh6 Ne6 35. Nd5 {1-0 Babula,V-Arlandi,E/Portoroz 1998/EXT 99 (35)})
14. Qe1 Bxf3 {I think it is fair to say that this was not the original idea
behind 13...Bg4. However, the very plausible plan of ...Bh5-g6 has tended to
run into difficulties.} (14... Qd7 15. Nh4 Bh5 (15... g5 16. f3 Be6 17. Qg3 h6
18. f4 Nh5 19. Qf2 gxh4 20. f5 $14 {is a fairly typical 'tactical
justification' for lines involving the very direct Nh4 and f3.}) 16. Bf5 Qc7
17. f3 g5 18. g4 Bg6 19. Nxg6 hxg6 20. Bb1 Kg7 21. Ra2 Rh8 22. Raf2 Nd8 23. Rg2
Ne6 24. Bc1 Rh4 25. Qe2 Re8 26. Qc2 Reh8 27. Rff2 Re8 28. Bd2 {white's bishops
have periods of apparent passivity, but in the long term white has useful
breaks, while black can do little to modify the structure.} b6 29. Qd1 Rh3 30.
Bc2 a6 31. Be1 {[%cal Ge1g3,Gg3e5]} b5 32. Rf1 Qb6 33. Bg3 Nf8 34. Rgf2 Re7 35.
Kg2 Rh8 36. e4 Ne6 37. Qd2 {1-0 Babula,V-Lauber,A/BL9697 Werder-Delmenhorst
1997/BL9697/[Wells] (37)}) (14... Bh5 15. Nh4 Ng4 16. g3 Bg6 17. Nxg6 hxg6 18.
Qd2 $1 f5 (18... Re6 19. e4 $1) 19. Rae1 Nf6 20. f3 Qd7 21. g4 fxg4 22. Bxg6
$16 {1-0 Jussupow,A-Lobron,E/Munich 1994/CBM 42 (57) and white's bishops have
excellent marauding prospects.}) 15. gxf3 Qd7 {In a strict sense, this very
natural move might be seen as a novelty as the only previous game with this
position was agreed drawn here!} 16. Kg2 Ne4 17. Rh1 $1 {useful prophylaxis.}
Ng5 18. h4 Ne6 19. Qb1 h6 20. Qg1 {Again the argument is a long-term one. I
like white's solid but not inflexible structure, and the attackinh chances
which the bishop pair and g-file imply.In the short term though, black can use
some queen-side squares to make waves.} Na5 21. Kh2 Nb3 22. Ra2 Qxa4 23. Qg4
$44 Qa5 (23... Qd7 $5) 24. Rg1 Qd8 $6 {seems to simply lose a tempo.} (24...
Qc7+ {looks better, although the flow of the play is similar.} 25. f4 Nd2 26.
Kh1 $16) 25. f4 Qc7 26. Kh1 g6 27. f5 Ng7 28. f6 {now its carnage!} Nd2 29.
Bxg6 fxg6 30. Rxd2 g5 31. hxg5 Re4 32. f4 Rxe3 33. gxh6 1-0